Southville International School and Colleges
Your cart is empty.
  • Cart
  • Lists
    Public lists Eva Luna New books Lux_list list_1
    Your lists Log in to create your own lists
  • Log in to your account
  • Your cookies
  • Search history
Southville International School and Colleges
  • Advanced search
  • Recent comments
  • Most popular
  • Libraries

Log in to your account

Log in with GOOGLE


If you do not have an external account, but do have a local account, you can still log in:

  1. Home
  2. MARC view: Leading organizational change :
Normal view MARC view ISBD view

Leading organizational change : (Record no. 293306)

[ view plain ]
MARC details
000 -LEADER
fixed length control field 00642nam a2200253Ia 4500
008 - FIXED-LENGTH DATA ELEMENTS--GENERAL INFORMATION
fixed length control field 160404s9999 xx 000 0 und d
020 ## - INTERNATIONAL STANDARD BOOK NUMBER
International Standard Book Number 978-971-8558-53-9
050 ## - LIBRARY OF CONGRESS CALL NUMBER
Classification number FIL HD 58.8
050 ## - LIBRARY OF CONGRESS CALL NUMBER
Item number .G66 2009
100 ## - MAIN ENTRY--PERSONAL NAME
Personal name Gonzalez, Ricardo.
245 ## - TITLE STATEMENT
Title Leading organizational change :
245 ## - TITLE STATEMENT
Remainder of title lessons from nature /
245 ## - TITLE STATEMENT
Statement of responsibility, etc Ricardo Gonzalez
260 ## - PUBLICATION, DISTRIBUTION, ETC. (IMPRINT)
Place of publication, distribution, etc Quezon City:
260 ## - PUBLICATION, DISTRIBUTION, ETC. (IMPRINT)
Name of publisher, distributor, etc Ken Inc.,
260 ## - PUBLICATION, DISTRIBUTION, ETC. (IMPRINT)
Date of publication, distribution, etc 2009
300 ## - PHYSICAL DESCRIPTION
Extent 515 pages :
300 ## - PHYSICAL DESCRIPTION
Other physical details illustrations ;
300 ## - PHYSICAL DESCRIPTION
Dimensions 25 cm.
500 ## - GENERAL NOTE
General note Includes index.
650 ## - SUBJECT ADDED ENTRY--TOPICAL TERM
Topical term or geographic name as entry element Organization.
650 ## - SUBJECT ADDED ENTRY--TOPICAL TERM
Topical term or geographic name as entry element Organizational change.
650 ## - SUBJECT ADDED ENTRY--TOPICAL TERM
General subdivision Management.
Holdings
Withdrawn status Lost status Damaged status Home library Current library Shelving location Date acquired Cost, normal purchase price Total Checkouts Full call number Barcode Date last seen Price effective from Koha item type
      South Mansfield College South Mansfield College Filipiniana Section 02/14/2011 1.00   FIL HD 57.7 .G66 2009 SMC05542 04/04/2016 04/04/2016  

Leading organizational change :

APA

Gonzalez R., .Leading organizational change. Quezon City: .

Chicago

Gonzalez Ricardo, .Leading organizational change. Quezon City: .

Harvard

Gonzalez R., .Leading organizational change. Quezon City: .

MLA

Gonzalez Ricardo, .Quezon City: . .

  • Place hold
  • Print
  • Cite
  • Add to your cart (remove)
  • Save record
    BIBTEX Dublin Core MARCXML MARC (non-Unicode/MARC-8) MARC (Unicode/UTF-8) MARC (Unicode/UTF-8, Standard) MODS (XML) RIS
  • More searches
    Search for this title in:
    Other Libraries (WorldCat) Other Databases (Google Scholar) Online Stores (Bookfinder.com) Open Library (openlibrary.org)

Exporting to Dublin Core...

SOUTHVILLE LIBRARY

Southville International School and Colleges Library

1281 Tropical Ave. Cor. Luxembourg St., BF Homes International, Las Pinas City

Tel. No. 8256374 / 252358 Loc. 117/146

Powered by Koha